00644nam a2200181 i 4500001000300000100001700003245010800020260005000128300003300178500003200211500001700243504003600260040000800296041000800304080001100312008004100323856009800364bg1 aFOMIN, V. N. 0aMatematiceskaja teorija parametriceskogo rezonansa v linejnych paspredelennych sistemach /cV.N. Fomin. aLeningrad :bIzdat. Leningr. Univers.,c1972. as. 239, nlb. 1 :brys., tsb. aLeningrad....Universitet... a[Alf. ros.]. a[Zawiera bibliogr. s. 232-238]. cBPK apol a51:531 s pl f |000 0 pol  uhttp://koha.tu.koszalin.pl/cgi-bin/koha/opac-detail.pl?biblionumber=15203yKatalog online BPK